00396nam a2200097Ia 4500008004100000245008100041245005300122260000900175650005400184856006000238171204s9999 xx 000 0 und d aDiscourse And Digital Practices: Doing Discourse Analysis In The Digital Age cAlice Chik, Christoph A Hafner, and Rodney H Jon c2015 xDIGITAL INFORMATION AND COMMUNICATION DEVELOPMENT uhttp://down.ebook777.com/013/DiAnDiPrDoDiAnInThDiAg.pdf